书目信息 |
| 书名: | Adolescence | |
| 作者: | Cobb. | |
| 分册号: | ||
| 分册名: | 出版地: | Mountain View,California : |
|
| 出版社: | Mayfield Publishing Company | |
| 出版时间: | 1998. | |
| 页数: | 660 p. ; | |
| 开本: | 29cm. | |
| 丛书名: | ||
| 中图分类号: | ||
| 科图分类号: | ||
| 其他分类号: | B844.2 | |
| 主题词: | ||
| 电子资源: | ||
| 000 | 00470nam 2200157 a 4500 | |
| 001 | E0229626127 | |
| 005 | 2002052108134612 | |
| 008 | 020521s1998 00010 eng | |
| 020 | @a1-55934-946-8 :@cRMB 12.00. | |
| 040 | @aPFT@beng | |
| 090 | @aB844.2 | |
| 099 | @dB844.2@eC653 | |
| 245 | @aAdolescence :@bContinuity ,Change,and Diversity / @cCobb. | |
| 250 | @aThird Edition. | |
| 260 | @aMountain View,California :@bMayfield Publishing Company,@c1998. | |
| 300 | @a660 p. ;@c29cm. | |
| Adolescence : : Continuity ,Change,and Diversity / / Cobb.-Third Edition.-Mountain View,California : : Mayfield Publishing Company, , 1998. |
| 660 p. ; ; 29cm. |
| ISBN 1-55934-946-8 :RMB 12.00. |
| ● |
| 相关链接 |
|
|
|
正题名:Adolescence
索取号:B844.2/C653
 
预约/预借
| 序号 | 登录号 | 条形码 | 馆藏地/架位号 | 状态 | 备注 |
| 1 | 03763 | 300037635 | 社科库509/509社科库 129排2列5层/ [索取号:B844.2/C653] | 在馆 |